Statistics for Rupauls Drag Race Winners

Click here to take the quiz!

General Stats

  • This quiz has been taken 1,811 times
    (1,578 since last reset)
  • The average score is 10 of 11

Answer Stats

HintAnswer% Correct
Season 6Bianca Del Rio
97%
Season 8Bob the Drag Queen
97%
Season 3Raja Gemini
96%
Season 4Sharon Needles
96%
All Stars 2Alaska
95%
All Stars 1Chad Michaels
94%
Season 9Sasha Velour
94%
Season 2Tyra Sanchez
93%
Season 5Jinkx Monsoon
92%
Season 7Violet Chachki
92%
Season 1Bebe Zahara Benet
91%

Score Distribution

Percentile by Number Answered

Percent of People with Each Score

Your Score History

You have not taken this quiz since the last reset